Systems Analysis for Computer-Based Information Systems (Record no. 1004)
[ view plain ]
| 000 -LEADER | |
|---|---|
| fixed length control field | 01750cam a22002054a 4500 |
| 005 - ΗΜΕΡΟΜΗΝΙΑ ΚΑΙ ΩΡΑ ΤΕΛΕΥΤΑΙΑΣ ΕΝΗΜΕΡΩΣΗΣ | |
| Πεδίο ελέγχου | 20250605163954.0 |
| 008 - FIXED-LENGTH DATA ELEMENTS--GENERAL INFORMATION | |
| Πεδίο ελέγχου σταθερού μήκους | 250528s ||||||||||||||||||||||||d |
| 035 ## - SYSTEM CONTROL NUMBER | |
| System control number | 15422 |
| 020 ## - ISBN | |
| ISBN | 829902287 |
| 040 ## - ΠΗΓΗ ΚΑΤΑΛΟΓΟΓΡΑΦΗΣΗΣ | |
| Φορέας πρωτότυπης καταλογογράφησης | MC Athens Campus Library |
| Γλώσσα καταλογογράφησης | Ελληνικά, Μοντέρνα (1453-) |
| Modifying agency | MC Athens Campus Library |
| Κανόνες περιγραφικής καταλογογράφησης | AACR2 |
| 245 1# - ΤΙΤΛΟΣ ΚΑΙ ΔΗΛΩΣΗ ΥΠΕΥΘΥΝΟΤΗΤΑΣ | |
| Τίτλος | Systems Analysis for Computer-Based Information Systems |
| 260 ## - PUBLICATION, DISTRIBUTION, ETC. | |
| Name of publisher, distributor, etc. | West Publishing Company, |
| Date of publication, distribution, etc. | 1979 |
| 300 ## - PHYSICAL DESCRIPTION | |
| Extent | 314 |
| 505 0# - FORMATTED CONTENTS NOTE | |
| Formatted contents note | Preface, Conceptual Foundations, Overview of Systems Development, Concept of Systems, Concepts of Information, Concepts of Information and Organizations, Concepts of Data Processing, The Processes and Techniques of Systems Analysis, Systems Analysis, Systems Design for Information, Systems Design and Selection of Technology and Personnel, Systems Development and Implementation and Evaluation, Systems Administration, Advanced Systems Analysis, Management Information Systems and Database Management Systems, Management Information Systems and Decision-Support Systems, Future Considerations of System Analysis, Index. |
| 520 ## - SUMMARY, ETC. | |
| Summary, etc. | Preface, Conceptual Foundations, Overview of Systems Development, Concept of Systems, Concepts of Information, Concepts of Information and Organizations, Concepts of Data Processing, The Processes and Techniques of Systems Analysis, Systems Analysis, Systems Design for Information, Systems Design and Selection of Technology and Personnel, Systems Development and Implementation and Evaluation, Systems Administration, Advanced Systems Analysis, Management Information Systems and Database Management Systems, Management Information Systems and Decision-Support Systems, Future Considerations of System Analysis, Index. |
| 700 1# - ΠΡΟΣΘΕΤΗ ΑΝΑΓΡΑΦΗ--ΦΥΣΙΚΟ ΠΡΟΣΩΠΟ | |
| Personal name | Wetherbe James C |
| 9 (RLIN) | 1347 |
| 942 ## - ADDED ENTRY ELEMENTS (KOHA) | |
| Koha item type | Books |
| Τύπος τεκμηρίου | Βιβλιοθήκη | Τρέχουσα τοποθεσία | Barcode | Αριθμός εισαγωγής | Ημερομηνία απόκτησης | Ταξιθετικό σύμβολο | Αριθμός αντιτύπου | Κατάσταση απόσυρσης | Κατάσταση χαμένου | Κατάσταση κατεστραμμένου | Μη δανεισμός | Σύνολο δανεισμών | Ημερομηνία τελευταίας εμφάνισης | Η τιμή ισχύει από |
|---|---|---|---|---|---|---|---|---|---|---|---|---|---|---|
| Books | MC Athens Campus Library | MC Athens Campus Library | 9780000010032 | 1762 | 05/06/2025 | 658.4/03 WET | 1 | 05/06/2025 | 05/06/2025 |